000 00454nam a2200169 i 4500
001 133818
003 ES-MaACL
005 20230906194534.0
007 t|
008 070830s1961 sp ||||1| spa d
100 1 _aWren, Percival Christopher.
_9117398
245 1 0 _aBeau ideal
_b: novela /
_cP. C. Wren.
250 _a[9ยช ed.].
260 _aBarcelona :
_bJuventud,
_c[1961]
300 _a328 p. ;
_c18 cm.
852 _aES-MaACL
_jC-20262
_bR.48527
999 _c133818
_d133818